[Event "Titled Tuesday intern op 16th Apr Late"]
[Site "Chess.com INT"]
[Date "2024.04.16"]
[Round "1"]
[White "Martin Duque, Jesus"]
[Black "Firouzja, Alireza"]
[Result "0-1"]
[WhiteElo "2336"]
[BlackElo "2760"]
[PlyCount "50"]
[EventDate "2024.04.16"]
[EventType "swiss (blitz)"]
[EventRounds "11"]
[EventCountry "USA"]
[SourceTitle "CB17_2024"]
[SourceDate "2024.04.24"]
[SourceVersion "1"]
[SourceVersionDate "2024.04.24"]
[SourceQuality "1"]

1. Nf3 Nf6 2. b3 g6 3. Bb2 Bg7 4. g3 0-0 5. Bg2 d6 6. d4 Nbd7 7. 0-0 c6 8. Nbd2 Re8 9. e4 e5 10. dxe5 dxe5 11. Re1 Qc7 12. Nc4 Bf8 13. a4 b6 14. Qd2 Ba6 15. Qc3 Bg7 16. Rad1 Bxc4 17. Qxc4 a5 18. Bh3 Nc5 19. Ng5 h6 20. Rd7 Ncxd7 21. Qxf7+ Kh8 22. Rd1 hxg5 23. Bxd7 Rad8 24. Qxg6 Rxd7 25. Rxd7 Qxd7 0-1

[Event "Titled Tuesday intern op 02nd Apr Late"]
[Site "Chess.com INT"]
[Date "2024.04.02"]
[Round "8"]
[White "Martin Duque, Jesus"]
[Black "Lach, Aleksandra"]
[Result "1/2-1/2"]
[WhiteElo "2336"]
[BlackElo "2292"]
[PlyCount "214"]
[EventDate "2024.04.02"]
[EventType "swiss (blitz)"]
[EventRounds "11"]
[EventCountry "USA"]
[SourceTitle "CB15_2024"]
[SourceDate "2024.04.10"]
[SourceVersion "1"]
[SourceVersionDate "2024.04.10"]
[SourceQuality "1"]

1. Nf3 c5 2. b3 d5 3. e3 Nc6 4. Bb5 Bd7 5. c4 d4 6. exd4 Nxd4 7. Nxd4 cxd4 8. Bxd7+ Qxd7 9. 0-0 g6 10. d3 Bg7 11. b4 Nf6 12. a4 0-0 13. b5 e5 14. Nd2 Rfe8 15. Ba3 Rac8 16. Re1 Qf5 17. Qe2 Nh5 18. g3 Nf6 19. c5 Nd5 20. Nc4 Nc3 21. Qd2 Bf8 22. Nd6 Bxd6 23. cxd6 Rcd8 24. Bb4 Nd5 25. Re4 Nf6 26. Re2 Ng4 27. Rae1 Qh5 28. h4 f6 29. Qa2+ Kg7 30. Qd5 Rd7 31. a5 g5 32. hxg5 Qh2+ 33. Kf1 e4 34. gxf6+ Kh8 35. Rc2 Qh1+ 36. Ke2 Qf3+ 37. Kd2 e3+ 38. Rxe3 dxe3+ 39. fxe3 Qxd5 40. e4 Qg5+ 41. Ke2 Nxf6 42. Bd2 Kg8 43. Bxg5 Nxe4 44. dxe4 Rxe4+ 45. Kf3 Re8 46. Be7 Kf7 47. b6 axb6 48. axb6 Ke6 49. Rc7 Rxd6 50. Bxd6 Kxd6 51. Rxb7 Kc6 52. Rxh7 Kxb6 53. Rd7 Kc6 54. Rd1 Rf8+ 55. Kg2 Rg8 56. Rd4 Kc5 57. Rd1 Kc4 58. Kf3 Rf8+ 59. Kg4 Rg8+ 60. Kh3 Rh8+ 61. Kg2 Rg8 62. Rd7 Kc5 63. Kh3 Rh8+ 64. Kg4 Rg8+ 65. Kf4 Rf8+ 66. Ke3 Rg8 67. Kf3 Kc6 68. Rd4 Kc5 69. Rg4 Re8 70. Re4 Rg8 71. g4 Kd5 72. Re1 Rf8+ 73. Kg3 Rg8 74. Re7 Kd6 75. Rh7 Ke6 76. Kh4 Kf6 77. Kh5 Rg5+ 78. Kh4 Rg8 79. Ra7 Rh8+ 80. Kg3 Rb8 81. Rh7 Kg5 82. Rg7+ Kf6 83. Rc7 Kg5 84. Rc5+ Kg6 85. Kh4 Rh8+ 86. Kg3 Rb8 87. Rc6+ Kg5 88. Rc3 Rb5 89. Rf3 Rb8 90. Rf5+ Kg6 91. Kh4 Rh8+ 92. Kg3 Rb8 93. Ra5 Rc8 94. Kf4 Rf8+ 95. Kg3 Rb8 96. Kh3 Rh8+ 97. Kg2 Rb8 98. Kg3 Rc8 99. Rh5 Rb8 100. Kh4 Rb1 101. Rg5+ Kh6 102. Ra5 Rh1+ 103. Kg3 Kg6 104. Ra2 Kg5 105. Ra5+ Kg6 106. Ra3 Kg5 107. Ra5+ Kg6 1/2-1/2

[Event "Titled Tuesday intern op 02nd Apr Early"]
[Site "Chess.com INT"]
[Date "2024.04.02"]
[Round "1"]
[White "Martin Duque, Jesus"]
[Black "Mirza, Diana"]
[Result "1-0"]
[WhiteElo "2336"]
[BlackElo "1956"]
[PlyCount "73"]
[EventDate "2024.04.02"]
[EventType "swiss (blitz)"]
[EventRounds "11"]
[EventCountry "USA"]
[SourceTitle "CB15_2024"]
[SourceDate "2024.04.10"]
[SourceVersion "1"]
[SourceVersionDate "2024.04.10"]
[SourceQuality "1"]

1. Nf3 d5 2. b3 c5 3. e3 Nc6 4. Bb5 Qc7 5. c4 e6 6. 0-0 Nf6 7. Bb2 Be7 8. cxd5 exd5 9. d4 cxd4 10. Nxd4 0-0 11. Nc3 a6 12. Be2 Nxd4 13. Qxd4 Be6 14. Rac1 Qd7 15. Na4 Qd6 16. Nb6 Rad8 17. a4 Ne8 18. a5 Bf6 19. Qd1 Bxb2 20. Rb1 Bf6 21. b4 Nc7 22. Bd3 g6 23. f4 Bg7 24. g4 d4 25. e4 f5 26. gxf5 gxf5 27. e5 Qe7 28. Qh5 Qf7 29. Qh3 Nd5 30. Nxd5 Bxd5 31. Kf2 Kh8 32. Rg1 Rg8 33. Rg5 h6 34. Rxf5 Qd7 35. Qh5 Bf7 36. Rxf7 Qd5 37. Qf5 1-0

[Event "Titled Tuesday intern op 27th Feb Late"]
[Site "Chess.com INT"]
[Date "2024.02.27"]
[Round "2"]
[White "Cuenca Jimenez, Jose Fernando"]
[Black "Martin Duque, Jesus"]
[Result "1-0"]
[WhiteElo "2499"]
[BlackElo "2330"]
[PlyCount "123"]
[EventDate "2024.02.27"]
[EventType "swiss (blitz)"]
[EventRounds "11"]
[EventCountry "USA"]
[SourceTitle "CB10_2024"]
[SourceDate "2024.03.06"]
[SourceVersion "1"]
[SourceVersionDate "2024.03.06"]
[SourceQuality "1"]

1. d4 Nf6 2. Bf4 b6 3. Nc3 Bb7 4. f3 e6 5. e4 a6 6. Be3 Bb4 7. Nge2 d5 8. e5 Nfd7 9. a3 Be7 10. f4 c5 11. g3 Nc6 12. Bg2 b5 13. dxc5 Nxc5 14. 0-0 Rc8 15. Nd4 Na5 16. Qe2 Nc4 17. Bc1 Qb6 18. Kh1 Na4 19. Nxa4 Qxd4 20. Nc3 Nxa3 21. Be3 Qc4 22. Qf2 b4 23. bxa3 Qxc3 24. axb4 Qxc2 25. Qf3 0-0 26. h4 Qg6 27. Rab1 Rc2 28. Rf2 Rfc8 29. Rbf1 Rxf2 30. Qxf2 Rc2 31. Qf3 h5 32. Bd4 Rd2 33. Be3 Rb2 34. Bc5 Bxc5 35. bxc5 Rb1 36. Kh2 Rxf1 37. Bxf1 Qc2+ 38. Bg2 Bc6 39. Qxh5 Qxc5 40. Qg5 a5 41. Qd8+ Qf8 42. Qxa5 Qe8 43. Qc5 Qd7 44. h5 Qb7 45. Qd6 Qb5 46. Qd8+ Be8 47. Qe7 Qd7 48. Qg5 d4 49. h6 f6 50. exf6 Qf7 51. fxg7 Qh5+ 52. Qxh5 Bxh5 53. Be4 Be2 54. Kg1 d3 55. Kf2 Bf1 56. Ke3 Be2 57. Bxd3 Bg4 58. Be4 Bh3 59. Kd4 Bg4 60. Ke5 Bh3 61. Kf6 Bg4 62. h7# 1-0

[Event "Titled Tuesday intern op 09th Jan Early"]
[Site "Chess.com INT"]
[Date "2024.01.09"]
[Round "3"]
[White "Kosteniuk, Alexandra"]
[Black "Martin Duque, Jesus"]
[Result "1-0"]
[WhiteElo "2501"]
[BlackElo "2340"]
[PlyCount "83"]
[EventDate "2024.01.09"]
[EventType "swiss (blitz)"]
[EventRounds "11"]
[EventCountry "USA"]
[SourceTitle "CB03_2024"]
[SourceDate "2024.01.17"]
[SourceVersion "1"]
[SourceVersionDate "2024.01.17"]
[SourceQuality "1"]

1. d4 Nf6 2. c4 e6 3. Nc3 Bb4 4. e3 b6 5. Bd2 c5 6. d5 0-0 7. Bd3 Ba6 8. Qc2 exd5 9. cxd5 Bxd3 10. Qxd3 d6 11. Nge2 Nbd7 12. f4 a6 13. a3 Ba5 14. 0-0 b5 15. e4 Re8 16. Ng3 c4 17. Qf3 Nc5 18. Rae1 Qb6 19. Kh1 Nd3 20. Re2 Rad8 21. Nf5 g6 22. Be3 Qb8 23. Bd4 Nh5 24. Nh6+ Kf8 25. f5 Nhf4 26. fxg6 hxg6 27. g3 Bb6 28. Bxb6 Qxb6 29. gxf4 Kg7 30. Ng4 Rh8 31. e5 Rh4 32. e6 f5 33. e7 Re8 34. Ne3 Nxf4 35. Nxf5+ gxf5 36. Re3 Reh8 37. Rf2 Qc7 38. e8N+ Rxe8 39. Rxe8 Qf7 40. Re1 Qg6 41. Rg1 Rg4 42. Rxg4 1-0

[Event "Alcorcon Diagonal op 2nd"]
[Site "Alcorcon"]
[Date "2023.12.30"]
[Round "9"]
[White "Martin Duque, Jesus"]
[Black "Longa Yauca, Javier"]
[Result "1/2-1/2"]
[WhiteElo "2346"]
[BlackElo "2197"]
[PlyCount "74"]
[EventDate "2023.12.26"]
[EventType "swiss"]
[EventRounds "9"]
[EventCountry "ESP"]
[SourceTitle "CB01_2024"]
[SourceDate "2024.01.03"]
[SourceVersion "1"]
[SourceVersionDate "2024.01.03"]
[SourceQuality "1"]

1. Nf3 Nf6 2. b3 d6 3. d4 g6 4. Bb2 Bg7 5. g3 0-0 6. Bg2 e5 7. dxe5 Ng4 8. Nc3 Nxe5 9. Qd2 Nbc6 10. 0-0-0 Re8 11. Nxe5 Bxe5 12. h4 h5 13. f4 Bg7 14. e4 Bg4 15. Rde1 Nd4 16. Nd5 c5 17. Rhf1 Kh7 18. c3 Nc6 19. Bf3 Bxf3 20. Rxf3 c4 21. Kb1 b5 22. Rfe3 a5 23. Qe2 cxb3 24. axb3 a4 25. g4 a3 26. Ba1 a2+ 27. Kc2 Qc8 28. Rd1 hxg4 29. h5 Nd4+ 30. Rxd4 Bxd4 31. hxg6+ fxg6 32. Qh2+ Kg8 33. Qh6 Re6 34. f5 Bxe3 35. Qxe3 Qc5 36. fxe6 Qxe3 37. Nxe3 g3 1/2-1/2

[Event "Alcorcon Diagonal op 2nd"]
[Site "Alcorcon"]
[Date "2023.12.27"]
[Round "4"]
[White "Fernandez Rosado, Roberto"]
[Black "Martin Duque, Jesus"]
[Result "1/2-1/2"]
[WhiteElo "2145"]
[BlackElo "2346"]
[PlyCount "113"]
[EventDate "2023.12.26"]
[EventType "swiss"]
[EventRounds "9"]
[EventCountry "ESP"]
[SourceTitle "CB01_2024"]
[SourceDate "2024.01.03"]
[SourceVersion "1"]
[SourceVersionDate "2024.01.03"]
[SourceQuality "1"]

1. e4 e5 2. Nf3 Nc6 3. Bb5 a6 4. Ba4 Nf6 5. d3 b5 6. Bb3 Be7 7. 0-0 d6 8. a4 Bd7 9. axb5 axb5 10. Ra3 Qb8 11. Rxa8 Qxa8 12. Nc3 Na5 13. Nd5 Nxd5 14. Bxd5 c6 15. Ba2 Nb7 16. Bb3 Nc5 17. c3 Nxb3 18. Qxb3 h6 19. d4 Be6 20. Qd1 Qb8 21. Be3 0-0 22. Qa1 f5 23. exf5 Bd5 24. dxe5 Rxf5 25. Nd4 Rxe5 26. Bf4 Re4 27. Bg3 Bf8 28. Nf5 Qd8 29. Ne3 Bf7 30. Qa7 d5 31. Qb7 Qf6 32. Nc2 Bc5 33. b4 Re2 34. bxc5 Rxc2 35. Qb8+ Kh7 36. Be5 Qg6 37. Bd4 Be6 38. Qg3 Qxg3 39. hxg3 b4 40. cxb4 Rc4 41. Rd1 Rxb4 42. f3 Kg6 43. Kf2 Kf7 44. Ke3 g5 45. Ra1 Rb3+ 46. Ke2 Bf5 47. Ra7+ Ke8 48. g4 Bd3+ 49. Kf2 Bb5 50. Rh7 Rd3 51. Bf6 d4 52. Rxh6 Rd2+ 53. Kg3 d3 54. Bxg5 Re2 55. Bf4 Rc2 56. Be3 Re2 57. Bf4 1/2-1/2

[Event "Alcorcon Diagonal op 2nd"]
[Site "Alcorcon"]
[Date "2023.12.26"]
[Round "2"]
[White "Olcina Monells, Jordi"]
[Black "Martin Duque, Jesus"]
[Result "0-1"]
[WhiteElo "1934"]
[BlackElo "2346"]
[PlyCount "88"]
[EventDate "2023.12.26"]
[EventType "swiss"]
[EventRounds "9"]
[EventCountry "ESP"]
[SourceTitle "CB01_2024"]
[SourceDate "2024.01.03"]
[SourceVersion "1"]
[SourceVersionDate "2024.01.03"]
[SourceQuality "1"]

1. e4 c6 2. d4 d5 3. Nc3 dxe4 4. Nxe4 Nf6 5. Nxf6+ exf6 6. c3 Bd6 7. Bd3 0-0 8. Qc2 Re8+ 9. Ne2 h5 10. 0-0 h4 11. h3 Nd7 12. f4 b6 13. f5 Bb7 14. Nf4 c5 15. Qf2 cxd4 16. cxd4 Nc5 17. Bc2 Be4 18. Be3 Bxf4 19. Qxf4 Nd3 20. Bxd3 Bxd3 21. Rfd1 Bxf5 22. Bf2 Qd5 23. Qxh4 Re2 24. b3 Rc8 25. Re1 Rec2 26. Qf4 g5 27. Qe3 R8c3 28. Qe8+ Kg7 29. Re2 Rxe2 30. Qxe2 Bxh3 31. Be1 Qxd4+ 32. Qf2 Qxf2+ 33. Bxf2 Be6 34. Bd4 Rd3 35. Bf2 Rd2 36. Be3 Re2 37. Bf2 Kg6 38. a4 Rb2 39. Ra3 Bxb3 40. a5 Be6 41. Rc3 Rb5 42. axb6 axb6 43. Rc6 Rb1+ 44. Kh2 b5 0-1

[Event "Titled Tuesday intern op 14th Nov Early"]
[Site "Chess.com INT"]
[Date "2023.11.14"]
[Round "4"]
[White "Martin Duque, Jesus"]
[Black "Kiseleva, Simona"]
[Result "1-0"]
[WhiteElo "2368"]
[BlackElo "2174"]
[PlyCount "67"]
[EventDate "2023.11.14"]
[EventType "swiss (blitz)"]
[EventRounds "11"]
[EventCountry "USA"]
[SourceTitle "CB47_2023"]
[SourceDate "2023.11.22"]
[SourceVersion "1"]
[SourceVersionDate "2023.11.22"]
[SourceQuality "1"]

1. b3 d6 2. Bb2 Nf6 3. c4 g6 4. g3 Bg7 5. Bg2 c6 6. d4 Nbd7 7. Nf3 0-0 8. 0-0 Qc7 9. Nc3 e5 10. e4 Re8 11. Re1 a6 12. Rc1 h6 13. c5 dxc5 14. d5 cxd5 15. exd5 Qd6 16. Nd2 Qf8 17. Nc4 b5 18. Na5 Ra7 19. d6 e4 20. Nxe4 Nxe4 21. Bxg7 Qxg7 22. Rxe4 Rxe4 23. Bxe4 Ne5 24. Rxc5 Bg4 25. f3 Bh3 26. f4 Bg4 27. Qd2 Nf3+ 28. Bxf3 Bxf3 29. d7 Rxd7 30. Qxd7 Qa1+ 31. Kf2 Qh1 32. Rc8+ Kg7 33. Qd4+ Kh7 34. Qh8# 1-0

[Event "Alicante Easter op 7th"]
[Site "La Nucia"]
[Date "2023.04.07"]
[Round "5"]
[White "Martin Duque, Jesus"]
[Black "Almeida Quintana, Omar"]
[Result "0-1"]
[WhiteElo "2386"]
[BlackElo "2526"]
[PlyCount "128"]
[EventDate "2023.04.05"]
[EventType "swiss"]
[EventRounds "9"]
[EventCountry "ESP"]
[SourceTitle "CBM 213 Extra"]
[Source "ChessBase"]
[SourceDate "2023.05.31"]
[SourceVersion "1"]
[SourceVersionDate "2023.05.31"]
[SourceQuality "1"]

1. b3 Nf6 2. Bb2 d5 3. Nf3 g6 4. c4 dxc4 5. bxc4 Bg7 6. g3 b6 7. Bg2 Bb7 8. 0-0 0-0 9. e3 c5 10. Qe2 Nc6 11. Rd1 Qc7 12. d4 cxd4 13. exd4 Na5 14. Na3 e6 15. Rac1 Rfe8 16. Nb5 Qb8 17. Ba3 Rd8 18. Qe5 Qxe5 19. Nxe5 Bxg2 20. Kxg2 Ne8 21. Be7 Rdc8 22. c5 bxc5 23. Bxc5 a6 24. Na7 Rc7 25. Bb6 Rcxa7 26. Bxa5 Nf6 27. Rb1 Nd5 28. Nc6 Rd7 29. Rdc1 Ne7 30. Nxe7+ Rxe7 31. Rc4 Rd7 32. Rbb4 h5 33. h4 Rd5 34. Ra4 Rb5 35. Bc7 Rb2 36. Rc6 Rc8 37. Rcc4 Bxd4 38. Rxd4 Rxc7 39. Rdb4 Rxb4 40. Rxb4 Rc5 41. Ra4 a5 42. Rd4 Kg7 43. Rd2 Rc3 44. Kf1 Kf6 45. Rb2 Ra3 46. Re2 e5 47. Rd2 Kf5 48. Re2 f6 49. Kg2 g5 50. hxg5 fxg5 51. Kh2 h4 52. gxh4 gxh4 53. Kg2 Kf4 54. Kh2 a4 55. Kg2 e4 56. Rb2 h3+ 57. Kh2 Rf3 58. Kg1 a3 59. Rb4 Rc3 60. Ra4 Kf3 61. Kh2 Rd3 62. Kg1 e3 63. fxe3 Kxe3 64. Kh2 Kd2 0-1

[Event "Titled Tuesday intern op 28th Feb Early"]
[Site "Chess.com INT"]
[Date "2023.02.28"]
[Round "2"]
[White "Martin Duque, Jesus"]
[Black "Christiansen, Johan Sebastian"]
[Result "0-1"]
[WhiteElo "2379"]
[BlackElo "2577"]
[PlyCount "58"]
[EventDate "2023.02.28"]
[EventType "swiss (blitz)"]
[EventRounds "11"]
[EventCountry "USA"]
[SourceTitle "CBM 213 Extra"]
[Source "ChessBase"]
[SourceDate "2023.05.31"]
[SourceVersion "1"]
[SourceVersionDate "2023.05.31"]
[SourceQuality "1"]

1. Nf3 d5 2. b3 Bg4 3. e3 e5 4. h3 Bxf3 5. Qxf3 Nf6 6. g4 Bd6 7. Bb2 Qe7 8. h4 e4 9. Qg2 Be5 10. Nc3 c6 11. g5 Nfd7 12. 0-0-0 a5 13. a4 Na6 14. d3 Nb4 15. dxe4 Bxc3 16. Bxc3 Na2+ 17. Kb2 Nxc3 18. Kxc3 Qe5+ 19. Kd2 Nc5 20. f4 Nxe4+ 21. Ke2 Qe7 22. Rd3 0-0 23. h5 b5 24. h6 g6 25. Qg4 bxa4 26. bxa4 Rab8 27. Bg2 Rb2 28. Rc1 Nc5 29. Rd4 Nb3 0-1

[Event "Titled Tuesday intern op 21st Feb Early"]
[Site "Chess.com INT"]
[Date "2023.02.21"]
[Round "4"]
[White "Bacrot, Etienne"]
[Black "Martin Duque, Jesus"]
[Result "1-0"]
[WhiteElo "2653"]
[BlackElo "2379"]
[PlyCount "85"]
[EventDate "2023.02.21"]
[EventType "swiss (blitz)"]
[EventRounds "11"]
[EventCountry "USA"]
[SourceTitle "CBM 212 Extra"]
[Source "ChessBase"]
[SourceDate "2023.03.31"]
[SourceVersion "1"]
[SourceVersionDate "2023.03.31"]
[SourceQuality "1"]

1. e4 c5 2. Nf3 e6 3. d4 cxd4 4. Nxd4 Nc6 5. Nb5 d6 6. c4 Nf6 7. N1c3 a6 8. Na3 b6 9. Be2 Bb7 10. Be3 Be7 11. 0-0 0-0 12. f3 Rc8 13. Qb3 Ne5 14. Bxb6 Qd7 15. Bd4 Ng6 16. Rfd1 d5 17. cxd5 exd5 18. e5 Nh5 19. g3 Nxg3 20. hxg3 Qh3 21. Bf2 Bc5 22. Bxc5 Qxg3+ 23. Kf1 d4 24. Qxb7 dxc3 25. Bf2 Qh3+ 26. Ke1 cxb2 27. Qxb2 Qh1+ 28. Bf1 Nxe5 29. Qxe5 Rfe8 30. Nc4 Qxf3 31. Rac1 f6 32. Qe3 Rxe3+ 33. Nxe3 Re8 34. Rc3 h5 35. Be2 Qh1+ 36. Nf1 h4 37. Rdd3 Qb7 38. Re3 Qb1+ 39. Bd1 Rd8 40. Nd2 Qxa2 41. Bb3+ Qxb3 42. Rxb3 h3 43. Rxh3 1-0

[Event "Titled Tuesday intern op 21st Feb Early"]
[Site "Chess.com INT"]
[Date "2023.02.21"]
[Round "1"]
[White "Kiselev, Pavel"]
[Black "Martin Duque, Jesus"]
[Result "0-1"]
[WhiteElo "2245"]
[BlackElo "2379"]
[PlyCount "94"]
[EventDate "2023.02.21"]
[EventType "swiss (blitz)"]
[EventRounds "11"]
[EventCountry "USA"]
[SourceTitle "CBM 212 Extra"]
[Source "ChessBase"]
[SourceDate "2023.03.31"]
[SourceVersion "1"]
[SourceVersionDate "2023.03.31"]
[SourceQuality "1"]

1. Nf3 Nf6 2. d4 b6 3. c4 e6 4. d5 Bb7 5. Nc3 Bb4 6. dxe6 fxe6 7. Bg5 0-0 8. e3 h6 9. Bh4 g5 10. Bg3 Ne4 11. Rc1 Nc6 12. Bd3 Nxc3 13. bxc3 Bd6 14. Bxd6 cxd6 15. Be4 Qe7 16. 0-0 Na5 17. Bxb7 Nxb7 18. Nd4 Rac8 19. Nb5 a6 20. Na3 Rf5 21. Qd4 Rfc5 22. Rb1 R8c6 23. Rb2 Ra5 24. Nc2 Nc5 25. Nb4 Rc8 26. Rd1 Na4 27. Rc2 d5 28. cxd5 e5 29. Qd3 Qd6 30. e4 b5 31. Qe3 Rc4 32. Qa7 Nc5 33. f3 Ra4 34. Qa8+ Kg7 35. Rdd2 a5 36. Nd3 Nxd3 37. Rxd3 b4 38. Qa7 Ra3 39. Qe3 Qc7 40. d6 Qc6 41. Rd5 Raxc3 42. Rxc3 Rxc3 43. Qa7 Ra3 44. Rxa5 Qc1+ 45. Kf2 Qd2+ 46. Kg3 Qe1+ 47. Kh3 Qh4# 0-1

[Event "Titled Tuesday intern op 21st Feb Early"]
[Site "Chess.com INT"]
[Date "2023.02.21"]
[Round "5"]
[White "Martin Duque, Jesus"]
[Black "Andrews, Todd D"]
[Result "1-0"]
[WhiteElo "2379"]
[BlackElo "2217"]
[PlyCount "75"]
[EventDate "2023.02.21"]
[EventType "swiss (blitz)"]
[EventRounds "11"]
[EventCountry "USA"]
[SourceTitle "CBM 212 Extra"]
[Source "ChessBase"]
[SourceDate "2023.03.31"]
[SourceVersion "1"]
[SourceVersionDate "2023.03.31"]
[SourceQuality "1"]

1. c4 e5 2. e3 Nf6 3. a3 d5 4. cxd5 Nxd5 5. Nc3 Nc6 6. Qc2 Be7 7. Nf3 0-0 8. Bb5 Nxc3 9. bxc3 Bd6 10. d4 exd4 11. cxd4 Ne7 12. Bb2 Bf5 13. Bd3 Bxd3 14. Qxd3 Re8 15. Rc1 Ng6 16. 0-0 Nh4 17. Nxh4 Qxh4 18. g3 Qh3 19. Qb5 b6 20. Qd3 Re6 21. e4 Rh6 22. Rfe1 Qxh2+ 23. Kf1 Rf6 24. Rc2 Bxg3 25. Qe3 Qh1+ 26. Ke2 Rxf2+ 27. Qxf2 Qxe4+ 28. Kd1 Qd3+ 29. Qd2 Qxd2+ 30. Kxd2 Bxe1+ 31. Kxe1 Re8+ 32. Kd2 h5 33. Rxc7 a5 34. Rc6 h4 35. Rxb6 g5 36. d5 h3 37. Rh6 g4 38. Rh8# 1-0

[Event "Titled Tuesday intern op 14th Feb Early"]
[Site "Chess.com INT"]
[Date "2023.02.14"]
[Round "2"]
[White "Maksimovic, Bojan"]
[Black "Martin Duque, Jesus"]
[Result "1-0"]
[WhiteElo "2486"]
[BlackElo "2379"]
[PlyCount "55"]
[EventDate "2023.02.14"]
[EventType "swiss (blitz)"]
[EventRounds "11"]
[EventCountry "USA"]
[SourceTitle "CBM 212 Extra"]
[Source "ChessBase"]
[SourceDate "2023.03.31"]
[SourceVersion "1"]
[SourceVersionDate "2023.03.31"]
[SourceQuality "1"]

1. e4 c5 2. Nf3 b6 3. d4 cxd4 4. Nxd4 Bb7 5. Nc3 a6 6. Bd3 e6 7. 0-0 Qc7 8. Qe2 b5 9. Re1 Nc6 10. Nd5 Qb8 11. Nxc6 Bxc6 12. c4 bxc4 13. Bxc4 Bd6 14. h3 Ne7 15. Nxe7 Bxe7 16. Bxa6 0-0 17. Bd3 Qe5 18. a3 Rfb8 19. Rb1 Bd6 20. g3 Bc5 21. Bf4 Qd4 22. Bxb8 Rxb8 23. b4 Bd6 24. Qe3 Qe5 25. b5 Bb7 26. a4 Bc5 27. Qf4 Qc3 28. Qxb8+ 1-0

[Event "Titled Tuesday intern op 17th Jan Early"]
[Site "Chess.com INT"]
[Date "2023.01.17"]
[Round "5"]
[White "Martin Duque, Jesus"]
[Black "Maksimovic, Bojan"]
[Result "1-0"]
[WhiteElo "2385"]
[BlackElo "2486"]
[PlyCount "149"]
[EventDate "2023.01.17"]
[EventType "swiss (blitz)"]
[EventRounds "11"]
[EventCountry "USA"]
[SourceTitle "CBM 212 Extra"]
[Source "ChessBase"]
[SourceDate "2023.03.31"]
[SourceVersion "1"]
[SourceVersionDate "2023.03.31"]
[SourceQuality "1"]

1. Nf3 Nf6 2. b3 g6 3. Bb2 Bg7 4. g3 d6 5. d4 c5 6. Bg2 Qa5+ 7. Qd2 Qxd2+ 8. Nbxd2 Na6 9. 0-0-0 0-0 10. a3 Rb8 11. e4 cxd4 12. Nxd4 Bd7 13. Nc4 Rfc8 14. Kb1 b5 15. Ne3 Nc5 16. Nd5 Kf8 17. Rhe1 Ng4 18. f3 Ne5 19. h3 a5 20. f4 Nc6 21. Nxc6 Bxb2 22. Kxb2 Bxc6 23. h4 a4 24. Nb4 Ba8 25. Nd3 axb3 26. cxb3 Ne6 27. Nb4 Rc5 28. Rd2 Rbc8 29. Nd5 Bxd5 30. exd5 Nd4 31. Be4 Nf5 32. Bxf5 gxf5 33. Ree2 Rc1 34. Rc2 R8xc2+ 35. Rxc2 Rd1 36. Rc8+ Kg7 37. a4 bxa4 38. bxa4 Rxd5 39. Kb3 Rd3+ 40. Rc3 Rd5 41. Kb4 e5 42. a5 e4 43. a6 Rd4+ 44. Kb5 Rd1 45. Rc4 Rb1+ 46. Rb4 Rc1 47. a7 Rc8 48. Kb6 Ra8 49. Kb7 Rxa7+ 50. Kxa7 Kg6 51. Kb6 Kh5 52. Kc6 Kg4 53. Rb3 Kh3 54. Kxd6 Kg2 55. Ke5 Kf2 56. Kxf5 e3 57. g4 e2 58. Rb1 e1Q 59. Rxe1 Kxe1 60. Kf6 h5 61. gxh5 Kf2 62. h6 Kg3 63. h7 Kg4 64. h8Q Kf3 65. Qh5+ Ke4 66. Qg5 Kf3 67. h5 Ke4 68. h6 Kf3 69. h7 Ke4 70. h8Q Kd4 71. Qe5+ Kd3 72. Qd8+ Kc4 73. Qec7+ Kb3 74. Qdb8+ Ka2 75. Qca7# 1-0

[Event "Titled Tuesday intern op 10th Jan Early"]
[Site "Chess.com INT"]
[Date "2023.01.10"]
[Round "3"]
[White "Fromm, Marius"]
[Black "Martin Duque, Jesus"]
[Result "0-1"]
[WhiteElo "2429"]
[BlackElo "2385"]
[PlyCount "46"]
[EventDate "2023.01.10"]
[EventType "swiss (blitz)"]
[EventRounds "11"]
[EventCountry "USA"]
[SourceTitle "EXT 2024"]
[Source "ChessBase"]
[SourceDate "2023.10.10"]
[SourceVersion "1"]
[SourceVersionDate "2023.10.10"]
[SourceQuality "1"]

1. e4 c5 2. Nf3 b6 3. d4 cxd4 4. Nxd4 Bb7 5. Nc3 a6 6. Be3 e6 7. Qd2 Qc7 8. a3 Nf6 9. f3 h5 10. 0-0-0 Be7 11. h4 d6 12. Kb1 Nbd7 13. Be2 Rc8 14. Rh3 b5 15. Rg3 Kf8 16. Ndxb5 axb5 17. Nxb5 Qb8 18. Nxd6 Rc6 19. e5 Nxe5 20. Nxb7 Qxb7 21. Bd4 Rd6 22. Rxg7 Kxg7 23. Qg5+ Ng6 0-1

[Event "Titled Tuesday intern op 10th Jan Early"]
[Site "Chess.com INT"]
[Date "2023.01.10"]
[Round "2"]
[White "Martin Duque, Jesus"]
[Black "Samunenkov, Igor"]
[Result "0-1"]
[WhiteElo "2385"]
[BlackElo "2485"]
[PlyCount "88"]
[EventDate "2023.01.10"]
[EventType "swiss (blitz)"]
[EventRounds "11"]
[EventCountry "USA"]
[SourceTitle "EXT 2024"]
[Source "ChessBase"]
[SourceDate "2023.10.10"]
[SourceVersion "1"]
[SourceVersionDate "2023.10.10"]
[SourceQuality "1"]

1. Nf3 Nf6 2. b3 d5 3. Bb2 Bf5 4. g3 e6 5. Bg2 h6 6. 0-0 c6 7. d3 Nbd7 8. Nbd2 Be7 9. e4 dxe4 10. dxe4 Bh7 11. Qe2 0-0 12. Rfd1 Qc7 13. a4 a5 14. Ne1 Nc5 15. Nd3 Nxd3 16. cxd3 Rad8 17. d4 Bb4 18. Nc4 Qe7 19. Rac1 Ne8 20. f4 Nd6 21. Ne5 Qc7 22. Nd3 Qb6 23. Kh1 Qa6 24. Qe3 f5 25. exf5 Bxf5 26. Nc5 Qb6 27. h3 Rfe8 28. g4 Bh7 29. Nxe6 Kh8 30. Qe2 Rxe6 31. Qxe6 Re8 32. Qd7 Re2 33. d5 Rxb2 34. dxc6 Rxg2 35. Kxg2 Be4+ 36. Kf1 Qe3 37. Qd8+ Kh7 38. Qh4 Bd3+ 39. Kg2 Be4+ 40. Kf1 bxc6 41. Qf2 Qxh3+ 42. Kg1 Qxg4+ 43. Kh2 Qh5+ 44. Kg3 Nf5# 0-1